Normal view
MARC view
- John Storey
Entry Corporate Name
001 - CONTROL NUMBER
- control field: 125295
003 - CONTROL NUMBER IDENTIFIER
- control field: NUST
005 - DATE AND TIME OF LATEST TRANSACTION
- control field: 20240822142127.0
008 - FIXED-LENGTH DATA ELEMENTS
- fixed length control field: 240822|| aca||aabn | a|a d
040 ## - CATALOGING SOURCE
- Original cataloging agency: NUST
- Transcribing agency: NUST
110 ## - HEADING--CORPORATE NAME
- Corporate name or jurisdiction name as entry element: John Storey
670 ## - SOURCE DATA FOUND
- Source citation: Work cat.: (NUST): Keith Sisson 125294, The Realities of Human Resource Management , 2000.
